| 000 | 00466cam a22001337a 4500 | ||
|---|---|---|---|
| 008 | 180718b2003 xxu||||| |||| 00| 0 eng d | ||
| 100 | _aAuffret, Philippe | ||
| 245 |
_aTrade reform in Vietnam: opportunities with emerging challenges _cby Philippe Auffret |
||
| 260 |
_aWashington, D.C. _bWorld Bank _c2003 |
||
| 300 | _a19p. | ||
| 440 | _aPolicy research working paper; no. 3076 | ||
| 650 | _aVietnam --Economic policy --1975- | ||
| 650 | _aVietnam --Commercial policy | ||
| 999 |
_c289598 _d289598 |
||